Āndhra vāggēyakāra caritramu. (Record no. 62433)

MARC details
000 -LEADER
fixed length control field 00927cam a22002891 4500
001 - CONTROL NUMBER
control field sa 65002084
003 - CONTROL NUMBER IDENTIFIER
control field DLC
005 - DATE AND TIME OF LATEST TRANSACTION
control field 20260227112114.0
008 - FIXED-LENGTH DATA ELEMENTS--GENERAL INFORMATION
fixed length control field 860616s1958 ii cg b 001 0ctelx
010 ## - LIBRARY OF CONGRESS CONTROL NUMBER
LC control number sa 65002084
035 ## - SYSTEM CONTROL NUMBER
System control number (OCoLC)15302050
040 ## - CATALOGING SOURCE
Original cataloging agency DLC
Transcribing agency NN
Modifying agency DLC
042 ## - AUTHENTICATION CODE
Authentication code premarc
043 ## - GEOGRAPHIC AREA CODE
Geographic area code a-ii---
050 00 - LIBRARY OF CONGRESS CALL NUMBER
Classification number ML385.R15
Item number A5
100 2# - MAIN ENTRY--PERSONAL NAME
Personal name Rajanikanta Rao, Balantrapu,
Dates associated with a name 1920-
245 10 - TITLE STATEMENT
Title Āndhra vāggēyakāra caritramu.
Statement of responsibility, etc. [Racana] Bālāntrapu Rajanīkāntarāvu.
260 ## - PUBLICATION, DISTRIBUTION, ETC.
Place of publication, distribution, etc. Vijayavāḍa,
Name of publisher, distributor, etc. Viśālāndhra Pracuvaṇālayaṃ
Date of publication, distribution, etc. [1958]
300 ## - PHYSICAL DESCRIPTION
Extent 4, ii, 531 p.
Other physical details ports., music.
Dimensions 21 cm.
500 ## - GENERAL NOTE
General note In Telugu.
500 ## - GENERAL NOTE
General note Includes some songs with melody and beat indications.
500 ## - GENERAL NOTE
General note Includes index.
504 ## - BIBLIOGRAPHY, ETC. NOTE
Bibliography, etc. note Bibliography: p. [518]-525.
650 #0 - SUBJECT ADDED ENTRY--TOPICAL TERM
Topical term or geographic name entry element Musicians
Form subdivision Biography.
650 #0 - SUBJECT ADDED ENTRY--TOPICAL TERM
Topical term or geographic name entry element Musicians
Geographic subdivision India
-- Andhra Pradesh.
650 #0 - SUBJECT ADDED ENTRY--TOPICAL TERM
Topical term or geographic name entry element Musicians
Geographic subdivision India
-- Tamil Nadu.

No items available.

Powered by Koha